000 01251nam a2200349 i 4500
001 11339
003 KOSZ 005
005 20220509134801.0
008 071124s1968 pl a f 000 0 pol
015 _aPB 1968/9905
040 _aWA N
_cKOSZ 005/RW
_dKOSZ 005/RW
_dKOSZ 005/HR
080 _a624.01/.07
080 _a624.131
100 1 _aIwanczewska, Anna
_d( -2000)
_eAutor
245 1 0 _aObliczanie konstrukcji na sprężystym podłożu /
_cAnna Iwanczewska, Jan Lewandowski.
260 _aWarszawa :
_b"Arkady",
_c1968.
300 _a121, [2] s. :
_bil. ;
_c23 cm.
380 _aKsiążki.
388 _a1901-
490 1 _aBiblioteka Inżynierii i Budownictwa ;
_v18.
504 _aBibliogr. s. 121-[122].
658 _aArchitektura i budownictwo
650 4 _aKonstrukcje budowlane
650 4 _aNaprężenia i odkształcenia
650 4 _aMechanika gruntów
650 4 _aSprężystość
710 2 _aWydawnictwo "Arkady".
_4pbl.
700 1 _aLewandowski, Jan Lech
_d(1926-2019)
_eAutor
830 0 _aBIB Biblioteka Inżynierii i Budownictwa ;
_v18.
856 _uhttp://koha.tu.koszalin.pl/cgi-bin/koha/opac-detail.pl?biblionumber=11339
_yKatalog online BPK
942 _2UKD
_cKS
999 _c11339
_d11339